| 000 | 00796nam a2200229Ia 4500 | ||
|---|---|---|---|
| 005 | 20251117091545.0 | ||
| 008 | 210716s2009 xx 000 0 und d | ||
| 020 | _a9780070677524 | ||
| 040 | _cAIMIT LIBRARY | ||
| 041 | _aeng | ||
| 082 |
_a005.761 _21 _bGOLM |
||
| 100 |
_aGolfarelli, Matteo. _945590 |
||
| 245 |
_aData warehouse design : _bmodern principles and methodlogies / _cBy Mattto Golfarelli and Stefano Rizzi. |
||
| 250 | _a1st ed. | ||
| 260 |
_aNew Delhi : _bTata McGraw Hill Education Private Limited , _c2009. |
||
| 300 |
_axxi, 458p. ; _c24 cm. _bPB |
||
| 650 |
_aIntroduction to data warehousing _945591 |
||
| 650 |
_aData warehouse system lifecycle _945592 |
||
| 650 |
_aConceptual design _945593 |
||
| 700 |
_aRizzi, Stefano. _945594 |
||
| 942 |
_2ddc _cBK _e1st _k005.761 GOLM |
||
| 999 |
_c192403 _d192403 |
||